[Event "Open"]
[Site "Winterthur SUI"]
[Date "2006.10.13"]
[Round "8"]
[White "Vogt,S"]
[Black "Haas,C"]
[Result "1-0"]
[WhiteElo "1991"]
[BlackElo "2142"]

1.d4 d5 2.c4 c6 3.Nc3 Nf6 4.Nf3 a6 5.cxd5 cxd5 6.Bf4 Nc6 7.e3 Bf5 8.Bd3 Bxd3
9.Qxd3 e6 10.O-O Be7 11.a3 O-O 12.h3 Na5 13.Nd2 b5 14.Rfc1 Rc8 15.b4 Nc4
16.Nb3 Qd7 17.Nc5 Qc6 18.Qe2 Bxc5 19.dxc5 Ne4 20.Nxe4 dxe4 21.a4 e5 22.Rxc4 exf4
23.axb5 axb5 24.Rd4 f3 25.gxf3 exf3 26.Qd1 g5 27.Ra7 Ra8 28.Rxa8 Qxa8 29.Rd5 h6
30.Qxf3 Qa2 31.Kh2 Re8 32.Rd6 Qb2 33.Rxh6 Kg7 34.Rd6 Qe5+ 35.Kg2 f6 36.Qg4 Re7
37.Qd4 Qf5 38.Qg4 Qc2 39.Qf3 Qc3 40.Rb6 Kg6 41.Rxb5 Re6 42.e4  1-0

[Event "Autumn Cup"]
[Site "Bucharest ROM"]
[Date "2006.10.14"]
[Round "4"]
[White "Shishkin,Va UKR"]
[Black "Murariu,A"]
[Result "1/2-1/2"]
[WhiteElo "2484"]
[BlackElo "2516"]

1.d4 d5 2.c4 c6 3.Nf3 Nf6 4.Nc3 a6 5.c5 Nbd7 6.Bf4 Nh5 7.Bd2 Nhf6 8.Rc1 g6
9.h3 Qc7 10.g3 Bg7 11.Bf4 Qd8 12.Bg2 O-O 13.O-O Nh5 14.Bg5 f6 15.Bd2 f5 16.Na4 e5
17.dxe5 Nxe5 18.Bc3 Nxf3+ 19.Bxf3 Bxc3 20.Rxc3 Nf6 21.Nb6 Rb8 22.Qd4 Be6
23.b4 Qc7 24.Bg2 Rbe8 25.e3 Ne4 26.Rb3 Re7 27.Na4 g5 28.Nc3 Rg7 29.Ne2 h5
30.f4 h4 31.Bxe4 dxe4 32.Rb2 Rd7 33.Qe5 Qxe5 34.fxe5 hxg3 35.Nxg3 Rd5 36.Rg2 Rxe5
37.Ne2 Kg7 38.Rxg5+ Kf6 39.Rg2 Bc4 40.Rf4 Bxe2 41.Rxe2 Rd5 42.Rh4 Rg8+ 43.Kh2 Rgd8
44.Kg2 Kg6 45.Rf4 a5 46.bxa5 Rxc5 47.a6 bxa6 48.Rf1 Rd3 49.Kg3 Rcd5 50.Kf4 Rd2
51.Rxd2 Rxd2 52.Ke5 Rd3 53.Rg1+ Kf7 54.Kxf5 Rxe3 55.Rc1  1/2-1/2

[Event "WYB18"]
[Site "Batumi GEO"]
[Date "2006.10.23"]
[Round "5"]
[White "Sanikidze,T"]
[Black "Braun,A"]
[Result "0-1"]
[WhiteElo "2418"]
[BlackElo "2525"]

1.d4 d5 2.c4 c6 3.Nf3 Nf6 4.Nc3 a6 5.c5 Bf5 6.Bf4 Nbd7 7.e3 e6 8.Nd2 Be7
9.Be2 h6 10.g4 Bg6 11.h4 b6 12.b4 Qc8 13.h5 Bh7 14.a3 a5 15.Na4 Qb7 16.O-O O-O
17.f3 axb4 18.axb4 bxc5 19.bxc5 Qb4 20.Bg3 Ra7 21.Be1 e5 22.Nc4 Qb8 23.Ncb6 exd4
24.exd4 Bd8 25.Nxd7 Nxd7 26.Nc3 Bc2 27.Qc1 Bg5 28.f4 Rxa1 29.Qxa1 Bxf4 30.Qa6 Qc7
31.Kg2 Re8 32.Bf3 Nf8 33.Qb6 Bd3 34.Rh1 Qd7 35.Bf2 Ne6 36.Qb3 Bb8 37.Re1 Qc7
38.Rh1 Nf4+ 39.Kg1 Qa5 40.Bg3 Bc4 41.Qc2 Re3 42.Bxf4 Bxf4 43.Qf5 Qc7 44.Kg2 Rxc3
45.Ra1 Rb3 46.Bd1 Rb8 47.Bc2 Bd2 48.Qh7+ Kf8 49.Qh8+ Ke7 50.Qxg7 Rb7 51.Ra8 Qf4
52.Qf8+ Kf6 53.Qd8+ Re7 54.Ra1 Qxg4+ 55.Kf2 Be3+  0-1

[Event "14th Chigorin Mem"]
[Site "St-Petersburg RUS"]
[Date "2006.10.24"]
[Round "2"]
[White "Kaganskiy,G"]
[Black "Lovkov,R"]
[Result "0-1"]
[WhiteElo "2328"]
[BlackElo "2414"]

1.Nf3 d5 2.d4 Nf6 3.c4 c6 4.Nc3 a6 5.c5 g6 6.Bf4 Bg7 7.e3 O-O 8.h3 Nbd7 9.Be2 b6
10.b4 bxc5 11.bxc5 Ne4 12.Nxe4 dxe4 13.Nd2 e5 14.dxe5 Nxe5 15.Nxe4 Bf5 16.Nd6 Qa5+
17.Qd2 Nd3+ 18.Kd1 Nxf2+  0-1

[Event "WYB18"]
[Site "Batumi GEO"]
[Date "2006.10.27"]
[Round "10"]
[White "Moranda,W"]
[Black "Braun,A"]
[Result "1/2-1/2"]
[WhiteElo "2462"]
[BlackElo "2525"]

1.d4 d5 2.c4 c6 3.Nc3 Nf6 4.Nf3 a6 5.c5 Bf5 6.Bf4 Nbd7 7.e3 g6 8.h3 Bg7 9.Be2 O-O
10.O-O Ne4 11.Bh2 Re8 12.Qb3 Ra7 13.Nxe4 dxe4 14.Ne5 Bxe5 15.Bxe5 Be6 16.Qc3 Nxe5
17.dxe5 Ra8 18.Rfd1 Qc7 19.a3 a5 20.Rd2 Red8 21.Rxd8+ Rxd8 22.Rd1 Rxd1+ 23.Bxd1 b6
24.Qd4 bxc5 25.Qxc5 Bd5 26.Qd4 Qb7 27.b4 axb4 28.axb4 Qa6 29.Bc2 Qe2 30.Bxe4 Bxe4
31.Qxe4 e6 32.g3 Kg7 33.Kg2 Qd2 34.g4 Qc3 35.Qd4 Qc2 36.h4 Qb1 37.Qf4 Qd1
38.h5 gxh5 39.Qg5+ Kf8 40.gxh5 Qd5+ 41.Kg3 Qd1 42.Kg2 Qd5+ 43.Kh2 Qf3 44.Qh4 h6
45.e4 Ke8 46.Kg1  1/2-1/2

[Event "14th Chigorin Mem"]
[Site "St-Petersburg RUS"]
[Date "2006.10.29"]
[Round "8"]
[White "Davydov,S1"]
[Black "Lovkov,R"]
[Result "0-1"]
[WhiteElo "2301"]
[BlackElo "2414"]

1.Nf3 d5 2.d4 Nf6 3.c4 c6 4.Nc3 a6 5.cxd5 cxd5 6.Bf4 Nc6 7.e3 Bg4 8.Bd3 e6
9.O-O Be7 10.Rc1 O-O 11.h3 Bh5 12.Qe2 Rc8 13.Rfd1 Na5 14.Bg5 Nc4 15.b3 Nd6
16.Bxf6 Bxf6 17.Qc2 Bg6 18.Bxg6 hxg6 19.Qd3 Qa5 20.Rc2 Rc6 21.Rdc1 Rfc8 22.Na4 Rxc2
23.Rxc2 Rxc2 24.Qxc2 Qd8 25.Qc5 Ne4 26.Qc2 Be7 27.g3 Bd6 28.Nd2 Nf6 29.Kg2 Nd7
30.e4 dxe4 31.Qxe4 b5 32.Nb2 Nf6 33.Qc2 Qa8+ 34.Nf3 Ne4 35.Nd3 a5 36.h4 g5
37.hxg5 Nxg5 38.Qe2 a4 39.bxa4 bxa4 40.Ne1 Qd5 41.Kg1 Ne4  0-1

[Event "Open A"]
[Site "Le Touquet FRA"]
[Date "2006.11.01"]
[Round "7"]
[White "Vaillant,S"]
[Black "Maes,T"]
[Result "0-1"]
[WhiteElo "2053"]
[BlackElo "2204"]

1.d4 d5 2.Nf3 Nf6 3.c4 c6 4.Nc3 a6 5.cxd5 cxd5 6.Bf4 Nc6 7.e3 Qb6 8.Qc2 g6
9.Be2 Bf5 10.Qd2 Qd8 11.O-O Bg7 12.h3 Ne4 13.Nxe4 dxe4 14.Nh2 e5 15.Bg3 exd4
16.exd4 Qxd4 17.Qxd4 Nxd4 18.Bg4 Bxg4 19.Nxg4 Ne2+ 20.Kh2 Nxg3 21.fxg3 f5
22.Nf2 O-O 23.Rac1 Rad8 24.Rc2 Rfe8 25.Re1 Be5 26.Nd1 Rd3  0-1

[Event "Open"]
[Site "Santo Domingo DOM"]
[Date "2006.11.01"]
[Round "3"]
[White "Mikhalevski,V"]
[Black "Munoz,Li"]
[Result "1-0"]
[WhiteElo "2580"]
[BlackElo "2396"]

1.d4 d5 2.c4 c6 3.Nf3 Nf6 4.Nc3 a6 5.c5 Nbd7 6.Bf4 Nh5 7.Bd2 Nhf6 8.Rc1 g6
9.h3 Bg7 10.Bf4 O-O 11.e3 Re8 12.Be2 Ne4 13.O-O Nxc3 14.bxc3 e5 15.Bh2 b5
16.cxb6 Qxb6 17.c4 exd4 18.Nxd4 Ne5 19.c5 Qc7 20.Qa4 Bd7 21.Rb1 f6 22.Rb3 Qa7
23.Rb6 Bf8 24.Rfb1 a5 25.Bf1 Red8 26.Bg3 Be7 27.Bxe5 fxe5 28.Nxc6 Bf8 29.Bb5 Bxc6
30.Bxc6 Bxc5 31.Rb7 Qa6 32.Qh4  1-0

[Event "NWAPA Rector Cup"]
[Site "St Petersburg RUS"]
[Date "2006.11.01"]
[Round "3"]
[White "Brodsky,M"]
[Black "Lovkov,R"]
[Result "1-0"]
[WhiteElo "2566"]
[BlackElo "2414"]

1.d4 d5 2.c4 c6 3.Nc3 Nf6 4.Nf3 a6 5.e3 b5 6.c5 Bg4 7.Qb3 Nbd7 8.a4 Bxf3
9.gxf3 e5 10.Qa3 Rb8 11.axb5 axb5 12.Qa6 Qc7 13.Qa7 Rb7 14.Qa5 Be7 15.Qxc7 Rxc7
16.Ra8+ Bd8 17.Na2 O-O 18.Nb4 Be7 19.Ra5 Re8 20.Kd1 g6 21.Bh3 Bf8 22.Bd2 h5
23.Ra6 Nb8 24.Ra8 e4 25.f4 Ng4 26.Ke2 f5 27.Bg2 Kf7 28.h3 Nf6 29.Rha1 Be7
30.f3 Rec8 31.Be1 Ke6 32.Bf1 exf3+ 33.Kxf3 Ne4 34.Nd3 Bf6 35.R1a7 Rxa7 36.Rxa7 Nd7
37.Nb4 Nb8 38.Ke2 Nd7 39.Kd1 Nb8 40.Be2 Be7 41.Nd3 Bf6 42.Ba5 Nd7 43.Bc7 Be7
44.Bf1 Nef6 45.Nb4 Ne8 46.Be5 Nxc5 47.Nxc6 Rxc6 48.Bxb5 Rb6 49.Bxe8 Nd3 50.Bc7  1-0

[Event "Sub Zonal 2.3.2C"]
[Site "Panama PAN"]
[Date "2006.11.02"]
[Round "2"]
[White "Pacheco,Jul"]
[Black "Arias,Le"]
[Result "0-1"]
[WhiteElo "2106"]
[BlackElo "2253"]

1.d4 d5 2.c4 c6 3.Nc3 Nf6 4.Nf3 a6 5.cxd5 cxd5 6.Bf4 e6 7.a3 Bd6 8.Bg3 b5
9.e3 Bb7 10.Bd3 O-O 11.O-O Qe7 12.Qe2 Nbd7 13.Rfc1 Nb6 14.Ne5 Nc4 15.Rc2 Bxe5
16.dxe5 Nd7 17.Rac1 g6 18.Nb1 Rfc8 19.f4 Nc5 20.Rd1 h5 21.Be1 a5 22.b4 axb4
23.Bxb4 Qc7 24.Nd2 Qb6 25.Bxc4 dxc4 26.Nf3 Be4 27.Rd6 Qa7 28.Rcd2 Bd3 29.Qe1 Ne4
30.Rd1 Nxd6 31.exd6 f6 32.Nd4 Qd7 33.Qg3 Kf7 34.Qf3 Rab8 35.e4 Qa7 36.Qe3 e5
37.fxe5 fxe5 38.Qf2+ Kg8 39.Nf3 Qg7 40.Qe3 Rf8 41.h4 Rbe8 42.Rxd3 cxd3 43.Qxd3 Qa7+
44.Kh2 Rxf3 45.Qxf3 Qf7 46.Kg3 Qxf3+ 47.gxf3 Kf7 48.f4 Ke6 49.fxe5 Kxe5 50.Kf3 Rg8
51.Ke3 Rc8 52.Kf3 Rc1 53.Ke3 Ke6 54.Kd4 Rh1 55.Kc5 Rxh4 56.Kxb5 Rxe4 57.a4 Kd7
58.a5 h4 59.a6 h3 60.a7 Re8  0-1

[Event "Sub Zonal 2.3.2C"]
[Site "Panama PAN"]
[Date "2006.11.03"]
[Round "3"]
[White "Valdes,R"]
[Black "Baules,J"]
[Result "1/2-1/2"]
[WhiteElo "2127"]
[BlackElo "2311"]

1.d4 d5 2.c4 c6 3.Nf3 Nf6 4.Nc3 a6 5.c5 Bg4 6.Ne5 Bf5 7.Qb3 Ra7 8.Bf4 Nbd7
9.e3 Nxe5 10.Bxe5 Nd7 11.Bg3 e5 12.Be2 Be7 13.O-O O-O 14.Rfd1 exd4 15.exd4 b6
16.cxb6 Qxb6 17.Qxb6 Nxb6 18.Re1 a5 19.Bf1 Rd8 20.h3 Kf8 21.Bf4 Nc4 22.Na4 Bf6
23.Rac1 Bxd4 24.Bxc4 dxc4 25.Rxc4 Be6 26.Rxc6 Bxa2 27.Bc7 Rda8 28.Rd1 Bf6
29.Nb6 Re8 30.Nd7+ Kg8 31.Nxf6+ gxf6 32.Bb6 Rb7 33.Bxa5 Rxb2 34.Rxf6 Rb1
35.Rxb1 Bxb1 36.Bc3 Rc8 37.Rf3 Bg6 38.h4 h5 39.Kh2 Rc4 40.Bf6 Kh7 41.Re3 Rf4
42.Rf3 Rxf3 43.gxf3 Bc2 44.Kg3 Kg6 45.Bd4 Kf5 46.Be3 Bd1 47.Bg5 Be2 48.f4 Kg6
49.Bd8 Kf5 50.f3 Bb5 51.Bc7 Bc6 52.Kf2 Bb7 53.Ke3 Bc6  1/2-1/2

[Event "NWAPA Rector Cup"]
[Site "St Petersburg RUS"]
[Date "2006.11.03"]
[Round "5"]
[White "Lutsko,I"]
[Black "Khruschiov,A"]
[Result "1/2-1/2"]
[WhiteElo "2489"]
[BlackElo "2488"]

1.d4 d5 2.c4 c6 3.Nf3 Nf6 4.Nc3 a6 5.cxd5 cxd5 6.Ne5 Nc6 7.g3 Bf5 8.Bg2 e6
9.Nxc6 bxc6 10.O-O Be7 11.Bf4 Qb6 12.Na4 Qb5 13.Re1 O-O 14.b3 Bg6 15.Bf1 Rfc8
16.Bg5 Bb4 17.Bd2  1/2-1/2

[Event "British Rapidplay"]
[Site "Halifax ENG"]
[Date "2006.11.04"]
[Round "4"]
[White "Palliser,R"]
[Black "Haslinger,S"]
[Result "1/2-1/2"]
[WhiteElo "2411"]
[BlackElo "2438"]

1.d4 d5 2.c4 c6 3.Nf3 Nf6 4.Nc3 a6 5.e3 e6 6.Ne5 c5 7.cxd5 exd5 8.Qa4+ Nbd7
9.Bb5 Rb8 10.Nxd7 Bxd7 11.Bxd7+ Qxd7 12.dxc5 Bxc5 13.Qxd7+ Kxd7 14.O-O Rhd8  1/2-1/2

[Event "10th OIBM"]
[Site "Bad Wiessee GER"]
[Date "2006.11.05"]
[Round "2"]
[White "Kick,J"]
[Black "Burmakin,V"]
[Result "0-1"]
[WhiteElo "2190"]
[BlackElo "2559"]

1.Nf3 d5 2.d4 c6 3.c4 Nf6 4.Nc3 a6 5.c5 Nbd7 6.Bf4 g6 7.h3 Bg7 8.e3 O-O 9.Be2 Ne4
10.O-O f5 11.Na4 Re8 12.b4 e5 13.Nxe5 Nxe5 14.Bxe5 Bxe5 15.dxe5 Rxe5 16.Qd4 Re8
17.Nb6 Rb8 18.Bd3 Qc7 19.Rfe1 Be6 20.f3 Ng5 21.Qh4 Qe7 22.Qd4 Bf7 23.a4 Rbd8
24.a5 Ne6 25.Qe5 Qh4 26.Qc3 Ng5 27.Bf1 Re7 28.Rad1 Qg3 29.Kh1 Rde8 30.Rd4 Qf2
31.Qd2 Qg3 32.Qc3 Ne6 33.Rdd1 g5 34.Qf6 Bg6 35.Qc3 g4 36.fxg4 fxg4 37.hxg4 Qxg4
38.Bd3 Ng5 39.Bxg6 hxg6 40.Qf6 Qh4+  0-1

[Event "TCh-AUT 2006-7"]
[Site "Graz AUT"]
[Date "2006.11.05"]
[Round "3"]
[White "Tratar,M"]
[Black "Lendwai,R"]
[Result "1/2-1/2"]
[WhiteElo "2483"]
[BlackElo "2429"]

1.Nf3 Nf6 2.c4 c6 3.d4 d5 4.Nc3 a6 5.e3 b5 6.c5 Bg4 7.Qb3 Bxf3 8.gxf3 Nbd7
9.a4 e6 10.Qa3 Rc8 11.axb5 axb5 12.Qa6 Be7 13.Na2 O-O 14.Nb4 Nb8 15.Qa5 Qe8
16.f4 Nfd7 17.Qa8 Kh8 18.Be2 f6 19.Rg1 g6 20.Kf1 Rf7 21.Bd2 Bf8 22.Bf3 Re7
23.Qa2 e5 24.Qb1 Bh6  1/2-1/2

[Event "Petersburg Autumn"]
[Site "St Petersburg RUS"]
[Date "2006.11.05"]
[Round "6"]
[White "Utkin,Alek"]
[Black "Nadjezhdin,D"]
[Result "1-0"]
[WhiteElo "2374"]
[BlackElo "2238"]

1.d4 d5 2.Nf3 Nf6 3.c4 c6 4.Nc3 a6 5.cxd5 cxd5 6.Bf4 Nc6 7.Rc1 e6 8.e3 Bd6
9.Bg3 Bxg3 10.hxg3 Qd6 11.Bd3 h6 12.a3 O-O 13.O-O e5 14.dxe5 Nxe5 15.Be2 Be6
16.Nd4 Rfd8 17.Qb3 b5 18.Rfd1 Rac8 19.Bf3 Qe7 20.Nce2 Rc4 21.Qa2 Rdc8 22.Qb1 Qa7
23.b3 R4c7 24.Nf4 Qb6 25.Rxc7 Rxc7 26.Rc1 Rxc1+ 27.Qxc1 Qd6 28.Ndxe6 fxe6
29.Qc8+ Kf7 30.b4 Ke7 31.Be2 Qc6 32.Ng6+ Kd6 33.Qb8+  1-0

[Event "TCh-ROM Divizia A Masculin"]
[Site "Predeal ROM"]
[Date "2006.11.06"]
[Round "3"]
[White "Gleizerov,E"]
[Black "Vysochin,S"]
[Result "1-0"]
[WhiteElo "2560"]
[BlackElo "2531"]

1.d4 d5 2.c4 c6 3.Nf3 Nf6 4.Nc3 a6 5.Ne5 Nbd7 6.Bf4 dxc4 7.Nxc4 b5 8.Ne5 Bb7
9.e3 c5 10.dxc5 Nxe5 11.Bxe5 Nd7 12.Bg3 Nxc5 13.Qxd8+ Rxd8 14.Nxb5 axb5 15.Bxb5+ Nd7
16.O-O e5 17.Rfd1 Bc5 18.Bxe5 Bb6 19.Rac1 Ke7 20.Bc7 Bxc7 21.Rxc7 Bc8 22.a4 h5
23.a5 Rh6 24.a6 Rxa6 25.Rcxd7+ Bxd7 26.Bxa6 Rb8 27.Rd2 Ra8 28.Be2 h4 29.f3 Ra1+
30.Kf2 g5 31.Bd3 f5 32.h3 g4 33.hxg4 fxg4 34.fxg4 Bxg4 35.b4 Ra3 36.Bf1 Bc8
37.Rd4 Ra2+ 38.Kg1 Ra1 39.Re4+ Kf6 40.Rxh4 Kg5 41.Rd4 Ba6 42.b5 Bb7 43.Kf2 Ra2+
44.Kg3 Ra3 45.Bd3 Rb3 46.Rd7 Ba8 47.Rd6 Rb2 48.e4 Rb3 49.Kf3 Bb7 50.Ke3 Bc8
51.Kd4 Rb2 52.e5 Bb7 53.Rg6+ Kh5 54.g4+ Kh4 55.e6 Ra2 56.e7 Ra8 57.Re6  1-0

[Event "RGSU GM"]
[Site "Moscow RUS"]
[Date "2006.11.07"]
[Round "2"]
[White "Kunin,V"]
[Black "Komliakov,V"]
[Result "1/2-1/2"]
[WhiteElo "2492"]
[BlackElo "2438"]

1.d4 d5 2.c4 c6 3.Nf3 Nf6 4.Nc3 a6 5.cxd5 cxd5 6.Bf4 Nc6 7.e3 Bg4 8.h3 Bxf3
9.Qxf3 e6 10.Bd3 Bd6 11.Bxd6 Qxd6 12.O-O O-O 13.Rfc1 Rac8 14.Qe2  1/2-1/2

[Event "TCh-ROM Divizia A Masculin"]
[Site "Predeal ROM"]
[Date "2006.11.08"]
[Round "5"]
[White "Filip,L"]
[Black "Nanu,C"]
[Result "0-1"]
[WhiteElo "2346"]
[BlackElo "2482"]

1.d4 d5 2.c4 c6 3.Nf3 Nf6 4.Nc3 a6 5.c5 Bg4 6.Ne5 Bf5 7.Qb3 Ra7 8.f3 Nfd7
9.Nxd7 Nxd7 10.e4 dxe4 11.Bc4 Bg6 12.Nxe4 b5 13.Bd3 e5 14.Bg5 Qa5+ 15.Kf1 Qa4
16.Qc3 Bxe4 17.Bxe4 Qxd4 18.Qxd4 exd4 19.b4 f6 20.Bf4 a5 21.Bxc6 axb4 22.Bb8 Ra3
23.Rc1 Rc3 24.Rxc3 bxc3 25.Bxb5 Bxc5 26.Ke2 Ke7 27.Bg3 Rc8 28.Kd3 Ne5+ 29.Bxe5 fxe5
30.Rc1 Ba3 31.Rc2 Rb8 32.Ba4 Rb1 33.Re2 Kd6 34.Bc2 Rh1 35.f4 exf4 36.Kxd4 Rxh2
37.Kxc3 f3 38.Rd2+ Ke5 39.Be4 f2 40.Bd3 Rxg2 41.Rd1 Rg1 42.Rf1 Bc5 43.Kd2 h5
44.Ke2 g5 45.a4 g4 46.a5 Kf4 47.a6 h4 48.Bb5 h3 49.Bd7 Kg3 50.Bc6 Kh4  0-1

[Event "TCh-ROM Divizia A Masculin"]
[Site "Predeal ROM"]
[Date "2006.11.08"]
[Round "5"]
[White "Gleizerov,E"]
[Black "Dumitrache,D"]
[Result "1-0"]
[WhiteElo "2560"]
[BlackElo "2445"]

1.d4 d5 2.c4 c6 3.Nf3 Nf6 4.Nc3 a6 5.Ne5 Nbd7 6.Bf4 dxc4 7.Nxc4 b5 8.Ne5 Bb7
9.e3 e6 10.Qf3 Nd5 11.Nxd5 Nxe5 12.Bxe5 Qxd5 13.Qxd5 cxd5 14.Bd3 f6 15.Bg3 Kd7
16.Ke2 Bd6 17.Bxd6 Kxd6 18.Rhc1 Rhc8 19.Rxc8 Rxc8 20.a4 bxa4 21.Rxa4 Ra8
22.b4 Kc7 23.Kf3 Kb6 24.Ra5 g6 25.Ke2 Bc6 26.h4 Ra7 27.g4 e5 28.dxe5 fxe5
29.Kd2 e4 30.Be2 Ra8 31.f4 Bb7 32.Rc5 Rc8 33.Rxc8 Bxc8 34.Kc3 Kc7 35.Kd4 Kd6
36.g5 Kc6 37.Ke5 Bb7 38.f5  1-0

[Event "TCh-ROM Divizia A Masculin"]
[Site "Predeal ROM"]
[Date "2006.11.11"]
[Round "8"]
[White "Barnaure,V"]
[Black "Nanu,C"]
[Result "1/2-1/2"]
[WhiteElo "2433"]
[BlackElo "2482"]

1.d4 d5 2.c4 c6 3.Nc3 Nf6 4.Nf3 a6 5.cxd5 cxd5 6.Bf4 Nc6 7.e3 Bf5 8.Bd3 Bxd3
9.Qxd3 e6 10.O-O Bd6 11.Bg5 O-O 12.Rac1  1/2-1/2

[Event "Open"]
[Site "Liberec CZE"]
[Date "2006.11.15"]
[Round "5"]
[White "Haba,Z"]
[Black "Karhanek,P"]
[Result "1/2-1/2"]
[WhiteElo "2207"]
[BlackElo "2241"]

1.d4 d5 2.c4 c6 3.Nf3 Nf6 4.Nc3 a6 5.Bg5 dxc4 6.a4 Bf5 7.e3 Ne4 8.Bxc4 Nxg5
9.Nxg5 e6 10.Nf3 Bb4 11.Qb3 a5 12.O-O Qe7 13.e4 Bg4 14.Ne5 Bh5 15.Na2 Bd6
16.f4 Bxe5 17.dxe5 Nd7 18.Qh3 Bg6 19.f5 O-O-O 20.fxg6 hxg6 21.Qg3 Nxe5 22.b3 Rd2
23.Kh1 Qd6 24.Kg1  1/2-1/2

[Event "RGSU GM"]
[Site "Moscow RUS"]
[Date "2006.11.15"]
[Round "10"]
[White "Bagirov,R"]
[Black "Komliakov,V"]
[Result "1/2-1/2"]
[WhiteElo "2504"]
[BlackElo "2438"]

1.d4 d5 2.c4 c6 3.Nf3 Nf6 4.Nc3 a6 5.cxd5 cxd5 6.Bf4 Nc6 7.e3 Bg4 8.Qb3 Bxf3
9.gxf3 Ra7 10.Bd3 e6 11.Rg1 Nh5 12.Bg3 Nxg3 13.hxg3  1/2-1/2

[Event "1st GMA Cup"]
[Site "Manila PHI"]
[Date "2006.11.18"]
[Round "2"]
[White "Khairul,A"]
[Black "Laylo,D"]
[Result "0-1"]
[WhiteElo "2351"]
[BlackElo "2448"]

1.d4 d5 2.c4 c6 3.Nc3 Nf6 4.Nf3 a6 5.cxd5 cxd5 6.Bf4 e6 7.e3 Be7 8.h3 b5
9.Bd3 Bb7 10.O-O O-O 11.Rc1 Nbd7 12.Ne5 Rc8 13.Bb1 Nb6 14.Ne2 Nc4 15.b3 Na3
16.Bd3 Rxc1 17.Qxc1 Qb6 18.Bg5 Rc8 19.Qb2 b4 20.Rc1 Qd8 21.Rxc8 Qxc8 22.Ng4 a5
23.Qc1 Qxc1+ 24.Nxc1 Bc6 25.Nxf6+ gxf6 26.Bf4 Bd8 27.Bd6 Bb5 28.Kf1 f5 29.Ke2 f6
30.Kd2 Kf7 31.g4 fxg4 32.hxg4 Bxd3 33.Nxd3 Nb5 34.Bc5 Bc7 35.f3 e5 36.f4 e4
37.Ne1 f5 38.g5 Nc3 39.a4 Kg6 40.Nc2 Na2 41.Be7 Kf7 42.Bc5 Bd8 43.Ne1 Kg6
44.Nc2 Kh5 45.Bf8 Kg4 46.Bc5 Kf3 47.Bd6 Kf2 48.Bc5 Nc3 49.Bd6 Nb1+ 50.Kc1 Na3
51.Nxb4 axb4 52.Bxb4 Kxe3 53.Bxa3 Kd3 54.Bb4 Bc7 55.a5 Bxf4+ 56.Kb2 Bb8 57.a6 e3
58.Bd6 Ba7 59.b4 e2 60.Bg3 Bxd4+ 61.Kb3 f4  0-1

[Event "ch-CRO"]
[Site "Kutina CRO"]
[Date "2006.11.21"]
[Round "11"]
[White "Jankovic,A"]
[Black "Bukal,V sr"]
[Result "1/2-1/2"]
[WhiteElo "2533"]
[BlackElo "2426"]

1.d4 d5 2.c4 c6 3.Nc3 Nf6 4.Nf3 a6 5.e3 b5 6.c5 g6 7.Bd3 Bg7 8.b4 a5 9.bxa5 Qxa5
10.Bd2 b4 11.Ne2 Qa3 12.Bc1 Qa5 13.O-O Ba6 14.Bxa6 Nxa6 15.a3 Ne4 16.Bd2 Nxd2
17.Qxd2 O-O 18.axb4 Qxb4 19.Qxb4 Nxb4 20.Rfb1 Rxa1 21.Rxa1 Nd3 22.Ra6 Rc8
23.Nf4 Nxf4 24.exf4 Bf6 25.Kf1 Kf8 26.Ke2 Ke8 27.Kd3 Kd7 28.Kc3 Rc7 29.Nd2 h6
30.Nb3 g5 31.fxg5 hxg5 32.h3 e5 33.dxe5 Bxe5+ 34.Kd3 Bf6 35.Ra8 Rb7 36.Na5 Rb2
37.Ra7+ Ke6 38.Nxc6 Rb3+ 39.Kc2 Rc3+ 40.Kd1 Rxc5 41.Ra6 Bc3 42.Nd4+ Kd7 43.Ra7+ Kd6
44.Nf5+ Ke6 45.Nh6 f6 46.Ra6+ Kd7 47.Ng4 Ke7  1/2-1/2

[Event "1st GMA Cup"]
[Site "Manila PHI"]
[Date "2006.11.21"]
[Round "7"]
[White "Mikhalevski,V"]
[Black "Belov,Vl"]
[Result "1-0"]
[WhiteElo "2580"]
[BlackElo "2589"]

1.d4 d5 2.c4 c6 3.Nf3 Nf6 4.Nc3 a6 5.c5 Nbd7 6.Bf4 Nh5 7.Bg5 h6 8.Bd2 Nhf6
9.Bf4 Nh5 10.Be5 Nxe5 11.Nxe5 Nf6 12.e4 e6 13.exd5 exd5 14.Bd3 Be7 15.O-O Nd7
16.f4 Nxe5 17.fxe5 Be6 18.Na4 Bg5 19.Nb6 Be3+ 20.Kh1 Bxd4 21.Nxa8 Bxc5 22.Qc2 Be7
23.Bf5 Bxf5 24.Qxf5 O-O 25.Nb6 Qxb6 26.Qd7 Qd8 27.Qxb7 d4 28.Qxc6  1-0

[Event "1st GMA Cup"]
[Site "Manila PHI"]
[Date "2006.11.22"]
[Round "8"]
[White "Laylo,D"]
[Black "So,W"]
[Result "1/2-1/2"]
[WhiteElo "2448"]
[BlackElo "2411"]

1.d4 Nf6 2.Nf3 d5 3.c4 c6 4.Nc3 a6 5.c5 Bf5 6.Bf4 Nbd7 7.e3 e6 8.h3 Be7 9.Bd3 Bxd3
10.Qxd3 b5 11.O-O O-O 12.a3 Re8 13.b4 a5 14.Nd2 Qc8 15.Nb3 Bd8 16.Bd6 e5
17.dxe5 Nxe5 18.Bxe5 Rxe5 19.Nd4 Rb8 20.Rad1 Ne4 21.Nxe4 Rxe4 22.f3 Re5 23.e4 axb4
24.axb4 Bf6 25.Nf5 Qe6 26.Nd6 Be7 27.Nf5 Bf6 28.Nd4 Qe8 29.Nf5 Qe6 30.Rfe1 dxe4
31.fxe4 g6 32.Qg3 Re8 33.Rf1 Bg7 34.Rd6 Qc4 35.Nxg7 Kxg7 36.Rdf6 Rxe4 37.Rxf7+ Qxf7
38.Rxf7+ Kxf7 39.Qc7+ R8e7 40.Qxc6 Rxb4 41.Qd5+ Kg7 42.c6 Rc4 43.Qxb5 Re1+
44.Kh2 Rec1 45.Qe5+ Kh6 46.Qe7 Rxc6 47.h4 Rc8  1/2-1/2

[Event "1st GMA Cup"]
[Site "Manila PHI"]
[Date "2006.11.22"]
[Round "8"]
[White "Barbosa,O PHI"]
[Black "Dableo,R"]
[Result "0-1"]
[WhiteElo "2414"]
[BlackElo "2425"]

1.d4 d5 2.c4 c6 3.Nf3 Nf6 4.Nc3 a6 5.a4 a5 6.g3 Bf5 7.Bg2 e6 8.O-O Na6 9.Bf4 Nb4
10.Rc1 Be7 11.c5 O-O 12.Ne5 b6 13.cxb6 Qxb6 14.Qd2 Rac8 15.Rfd1 Rfd8 16.h3 Nd7
17.Nf3 c5 18.Nb5 Bg6 19.Be3 Qb7 20.Ne5 Bc2 21.Rxc2 Nxc2 22.dxc5 Nxe5 23.Qxc2 Nd7
24.Qc3 Qa6 25.b4 axb4 26.Qxb4 Bxc5 27.Bxc5 Nxc5 28.Ra1 Nb7 29.Bf3 Nd6 30.Nc3 Rc4
31.Qb3 Rdc8  0-1

[Event "19th Belgrade Trophy"]
[Site "Belgrade SRB"]
[Date "2006.11.25"]
[Round "4"]
[White "Rabrenovic,V"]
[Black "Stankovic,G"]
[Result "1-0"]
[WhiteElo "2320"]
[BlackElo "2074"]

1.d4 d5 2.Nf3 Nf6 3.c4 c6 4.Nc3 a6 5.g3 g6 6.Bg2 Bg7 7.O-O O-O 8.b3 Re8 9.Bb2 b5
10.Ne5 Bb7 11.Qd3 Nbd7 12.f4 e6 13.c5 Nf8 14.b4 N6d7 15.e4 dxe4 16.Nxe4 Nxe5
17.fxe5 Bxe5 18.Qe3 f5 19.dxe5 fxe4 20.Bxe4 a5 21.Rad1 Qc7 22.a3 axb4 23.axb4 Nd7
24.Rd6 Ra4 25.Qb3 Nf8 26.Rf6 Kg7 27.h4 Raa8 28.Kh2 Rad8 29.Qf3 Rc8 30.h5 Re7
31.Qg4 Rce8 32.Kg2 Qc8 33.hxg6 Nxg6 34.Bxg6 hxg6 35.Rxg6+ Kh8 36.Rh6+ Rh7
37.Rxh7+ Kxh7 38.Rd1 Rg8 39.Rh1+  1-0

[Event "19th Belgrade Trophy"]
[Site "Belgrade SRB"]
[Date "2006.11.27"]
[Round "6"]
[White "Ostojic,N"]
[Black "Dimitrijevic,Sr"]
[Result "1-0"]
[WhiteElo "2412"]
[BlackElo "2308"]

1.d4 d5 2.c4 c6 3.Nf3 Nf6 4.Nc3 a6 5.h3 dxc4 6.a4 Bf5 7.e3 e6 8.Bxc4 Bb4
9.O-O O-O 10.Nh4 Nbd7 11.Nxf5 exf5 12.Qb3 Qb6 13.Qc2 g6 14.Bd2 a5 15.Rfd1 Qd8
16.Be1 Nb6 17.Bb3 Qe7 18.Rd3 Rfd8 19.f3 h6 20.Bh4 Rd7 21.Re1 Rad8 22.e4 fxe4
23.fxe4 g5 24.Bf2 Nh5 25.g3 Qf6 26.e5 Qg6 27.e6 fxe6 28.Bxe6+  1-0

[Event "LXXI ch-ESP Scheveningen"]
[Site "Leon ESP"]
[Date "2006.11.30"]
[Round "4"]
[White "Herraiz Hidalgo,H"]
[Black "Arizmendi Martinez,J"]
[Result "1/2-1/2"]
[WhiteElo "2493"]
[BlackElo "2540"]

1.d4 d5 2.c4 c6 3.Nf3 Nf6 4.Nc3 a6 5.g3 dxc4 6.a4 e6 7.Bg2 c5 8.dxc5 Qxd1+
9.Nxd1 Nc6 10.Ne3 Bxc5 11.Nxc4 Ke7 12.O-O Rd8 13.b3 Bd7 14.Bb2 Rac8 15.Rac1 b5
16.axb5 axb5 17.Nce5 Bd6 18.Nxd7 Nxd7 19.Bxg7 f6 20.Bh6 Nc5 21.Be3 Nxb3 22.Rb1 Nca5
23.Bb6 Bc7 24.Bxa5 Nxa5 25.Rxb5 Rd5 26.Rxd5 exd5 27.Rc1 Nc4 28.Nd4 Bb6 29.Nf5+ Ke6
30.Bxd5+ Kxf5 31.Bxc4 Kg5 32.Kg2 Kh6 33.Rc2 Rc7 34.f4 Bd4 35.Kf3 Kg7 36.h3 h6
37.e4 h5 38.Ke2 Bb6 39.Kd3 Ra7 40.Bb3 Ra3 41.Kc4 h4 42.gxh4 Bc7 43.Rg2+ Kh6
44.Rg4 Ra5 45.Bc2 Ra2 46.Kb3 Ra6 47.Bd3 Rc6 48.Bc4 Rb6+ 49.Kc3 Rd6 50.e5 fxe5
51.fxe5 Rd1 52.e6 Re1 53.Kd4 Bd8 54.Rf4 Be7 55.Kd5 Re3 56.Kc6 Rxh3 57.Rf7 Bxh4
58.Rf4 Bg5 59.Re4 Rh4  1/2-1/2

[Event "ch-ESP Abierto"]
[Site "Leon ESP"]
[Date "2006.11.30"]
[Round "9"]
[White "Perez Aleman,P"]
[Black "Franco Cazon,R"]
[Result "0-1"]
[WhiteElo "2180"]
[BlackElo "2012"]

1.Nf3 d5 2.d4 Nf6 3.c4 c6 4.Nc3 a6 5.c5 Nbd7 6.Bf4 Nh5 7.e3 Nxf4 8.exf4 b6
9.cxb6 Qxb6 10.Qd2 e6 11.Rc1 c5 12.Na4 Qa7 13.f5 c4 14.fxe6 fxe6 15.Be2 Bd6
16.Qe3 Nf6 17.Ne5 O-O 18.O-O Kh8 19.Nc5 Bxc5 20.dxc5 Nd7 21.Ng6+ hxg6 22.Qh3+ Kg8
23.Qxe6+ Kh8 24.Qxd5 Rf5 25.Qxc4 Nxc5 26.Qh4+ Kg8 27.Qd8+ Kf7 28.Bf3 Rb8
29.b4 Bd7 30.Qh4 Ne6 31.Rfe1 Rf4 32.Bg4 Rbxb4 33.Bxe6+ Bxe6 34.Qd8 Qxf2+
35.Kh1 Rbc4 36.Rb1 Rb4 37.Rbc1 Rfc4 38.Qd6 Qf5 39.Rcd1 Re4 40.Rg1 Rbd4 41.Qxa6 Rxd1
42.Rxd1 Rf4 43.Re1 Bd5 44.Qe2 Kg8 45.Kg1 Kh7 46.a3 Bc4 47.Qd1 Rf2 48.Kh1 Bd5
49.Rg1 Be4 50.Qc1 g5 51.a4 g4 52.Qe3 Rxg2 53.Rxg2 Qf1+ 54.Qg1 Bxg2+  0-1

[Event "ch-ROM"]
[Site "Predeal ROM"]
[Date "2006.12.02"]
[Round "6"]
[White "Barnaure,V"]
[Black "Murariu,A"]
[Result "1-0"]
[WhiteElo "2433"]
[BlackElo "2516"]

1.d4 d5 2.c4 c6 3.Nf3 Nf6 4.Nc3 a6 5.e3 b5 6.c5 Bg4 7.h3 Bxf3 8.Qxf3 Nbd7
9.g4 h6 10.Bg2 e5 11.Qg3 Qb8 12.Bd2 Be7 13.O-O h5 14.f4 e4 15.g5 Nh7 16.h4 g6
17.Bh3 Nhf8 18.Be1 f5 19.gxf6 Nxf6 20.b4 Ng4 21.a4 Nh6 22.Kh1 Nf5 23.Bxf5 gxf5
24.Qh3 a5 25.bxa5 b4 26.Ne2 Qc8 27.Ng3 Rg8 28.Qxf5 Bxh4 29.Qxc8+ Rxc8 30.Nf5 Be7
31.Rb1 Kd7 32.Nxe7 Kxe7 33.Rxb4 Ne6 34.Bh4+ Kd7 35.Rb7+ Nc7 36.f5 Rcf8 37.Kh2 Kc8
38.Rfb1 Na6 39.Ra7  1-0